000 00724cam a22002653a 4500
001 32346
003 PGUSA
005 20140828083712.0
008 100512s2010||||xxu|||||s|||||000 1 eng d
040 _aPGUSA
_beng
042 _adc
050 4 _aPS
100 1 _aSheckley, Robert,
_d1928-2005
245 1 0 _aKeep Your Shape
_h[electronic resource] /
_cRobert Sheckley
260 _bProject Gutenberg,
_c2010
506 _aPublic domain in the USA.
516 _aElectronic text
653 _aShort stories
653 _aExtraterrestrial beings -- Fiction
653 _aScience fiction
700 1 _aVidmer
830 0 _aProject Gutenberg
_v32346
856 4 0 _uhttp://www.gutenberg.org/ebooks/32346
942 _cEB
999 _c261601
_d261601